<?xml version="1.0" encoding="UTF-8"?>
<record
    xmlns:xsi="http://www.w3.org/2001/XMLSchema-instance"
    xsi:schemaLocation="http://www.loc.gov/MARC21/slim http://www.loc.gov/standards/marcxml/schema/MARC21slim.xsd"
    xmlns="http://www.loc.gov/MARC21/slim">

  <leader>01202nam a2200289 a 4500</leader>
  <controlfield tag="001">BRCA_8369</controlfield>
  <controlfield tag="005">20190320210242.0</controlfield>
  <controlfield tag="008">300714m18971908au-a###f##---#001-0#ger-#</controlfield>
  <datafield tag="041" ind1=" " ind2=" ">
    <subfield code="a">ger</subfield>
  </datafield>
  <datafield tag="044" ind1=" " ind2=" ">
    <subfield code="a">au</subfield>
  </datafield>
  <datafield tag="050" ind1=" " ind2="4">
    <subfield code="a">NC85</subfield>
    <subfield code="b">.S36 1897</subfield>
  </datafield>
  <datafield tag="100" ind1="1" ind2=" ">
    <subfield code="a">Sch&#xF6;nbrunner, Ios</subfield>
    <subfield code="9">20970</subfield>
  </datafield>
  <datafield tag="245" ind1="1" ind2="0">
    <subfield code="a">Handzeichnungen alter meister aus der Albertina</subfield>
    <subfield code="b">und anderen sammlungen</subfield>
    <subfield code="c">herausgegeben von Ios Sch&#xF6;nbrunner.</subfield>
  </datafield>
  <datafield tag="260" ind1=" " ind2=" ">
    <subfield code="a">Viena</subfield>
    <subfield code="b">Gerlach &amp; Schenk</subfield>
    <subfield code="c">1897-1908</subfield>
  </datafield>
  <datafield tag="300" ind1=" " ind2=" ">
    <subfield code="a">4 v.</subfield>
    <subfield code="b">il., l&#xE1;minas</subfield>
    <subfield code="c">42 cm.</subfield>
  </datafield>
  <datafield tag="500" ind1=" " ind2=" ">
    <subfield code="a">Cuatro ejemplares consecutivos inventariados como un solo libro por el Banco de M&#xE9;xico</subfield>
  </datafield>
  <datafield tag="500" ind1=" " ind2=" ">
    <subfield code="a">Incluye &#xED;ndice onom&#xE1;stico y tabla de materias</subfield>
  </datafield>
  <datafield tag="500" ind1=" " ind2=" ">
    <subfield code="a">En v.3 falta la l&#xE1;mina 729, en v.4 faltan l&#xE1;minas 1085 y 1092</subfield>
  </datafield>
  <datafield tag="500" ind1=" " ind2=" ">
    <subfield code="a">R107</subfield>
  </datafield>
  <datafield tag="505" ind1="0" ind2=" ">
    <subfield code="a">v.1 Erster band: l&#xE1;minas 1-359.-- v.2 Vierter band: l&#xE1;minas 360-718.-- v.3 Siebenter band: l&#xE1;minas 719-1078.-- Neunter band: l&#xE1;minas 1079-</subfield>
  </datafield>
  <datafield tag="610" ind1="2" ind2="4">
    <subfield code="a">Museo de la Albertina</subfield>
    <subfield code="v">Maestros antiguos</subfield>
    <subfield code="z">Viena, Austria</subfield>
    <subfield code="9">20971</subfield>
  </datafield>
  <datafield tag="650" ind1="1" ind2="4">
    <subfield code="a">Dibujos</subfield>
    <subfield code="x">Colecciones</subfield>
    <subfield code="9">20972</subfield>
  </datafield>
  <datafield tag="650" ind1="1" ind2="4">
    <subfield code="a">Grabados</subfield>
    <subfield code="x">Colecciones</subfield>
    <subfield code="9">20973</subfield>
  </datafield>
  <datafield tag="650" ind1="1" ind2="4">
    <subfield code="a">Artistas gr&#xE1;ficos</subfield>
    <subfield code="x">Galer&#xED;as y museos</subfield>
    <subfield code="z">Austria</subfield>
    <subfield code="9">20974</subfield>
  </datafield>
  <datafield tag="902" ind1=" " ind2=" ">
    <subfield code="a">GFM</subfield>
  </datafield>
  <datafield tag="942" ind1=" " ind2=" ">
    <subfield code="2">lcc</subfield>
    <subfield code="c">B</subfield>
  </datafield>
  <datafield tag="999" ind1=" " ind2=" ">
    <subfield code="c">8037</subfield>
    <subfield code="d">8037</subfield>
  </datafield>
  <datafield tag="952" ind1=" " ind2=" ">
    <subfield code="0">0</subfield>
    <subfield code="1">0</subfield>
    <subfield code="4">0</subfield>
    <subfield code="7">0</subfield>
    <subfield code="a">BRCA</subfield>
    <subfield code="b">BRCA</subfield>
    <subfield code="d">2014-07-30</subfield>
    <subfield code="i">R107</subfield>
    <subfield code="l">0</subfield>
    <subfield code="o">NC85 .S36 1897 (R107)</subfield>
    <subfield code="p">8993</subfield>
    <subfield code="r">2019-03-22 00:00:00</subfield>
    <subfield code="w">2019-03-22</subfield>
    <subfield code="y">B</subfield>
  </datafield>
</record>
